VIT In Its First Decade/ (Record no. 206037)

MARC details
000 -LEADER
fixed length control field 00634nam a22001937a 4500
005 - DATE AND TIME OF LATEST TRANSACTION
control field 20241001122305.0
010 ## - LCCN (DPL NO)
LC control number ENG-141852
020 ## - INTERNATIONAL STANDARD BOOK NUMBER
International Standard Book Number 9789393757197
Terms of availability 300.00
035 ## - SYSTEM CONTROL NUMBER
System control number EN-125384
037 ## - SOURCE OF ACQUISITION
Source of stock number/acquisition DBAD
082 ## - DEWEY DECIMAL CLASSIFICATION NUMBER
Classification number 620.25
100 ## - MAIN ENTRY--PERSONAL NAME
Personal name Khadilkar, M.R.
245 ## - TITLE STATEMENT
Title VIT In Its First Decade/
Statement of responsibility, etc By M.R. Khadilkar
250 ## - EDITION STATEMENT
Edition statement 1
260 ## - PUBLICATION, DISTRIBUTION, ETC. (IMPRINT)
Name of publisher, distributor, etc Vishwakarma Publications
Date of publication, distribution, etc 2022
Place of publication, distribution, etc Maharashtra
270 ## - ADDRESS
Address 34A/1, Suyog Center, 7th floor, Gultekedi Marketyard Road, Giridhar Bhavan Chowk,
Postal code 411037
City Pune
Electronic mail address info@vpindia.co.in
Telephone number 9168682200
300 ## - PHYSICAL DESCRIPTION
Extent 230p.
Dimensions 22cm (pb)
942 ## - ADDED ENTRY ELEMENTS (KOHA)
Source of classification or shelving scheme Dewey Decimal Classification
Item type English Books
Classification part 620.25
Call number suffix KHA
Holdings
Withdrawn status Lost status Not for loan Collection code Home library Current library Date acquired Source of acquisition Cost, normal purchase price Full call number Barcode Copy number Cost, replacement price Koha item type
      Non-fiction Patel Nagar Patel Nagar 01/10/2024 Delivery of Books Act Division 300.00 620.25 KHA EN-125384 1 300.00 English Books

© Delhi Public Library
Hit Counter
free hit counter